| 000 | 00429nam a2200169Ia 4500 | ||
|---|---|---|---|
| 008 | 230524s9999 xx 000 0 und d | ||
| 020 | _a9788189928841 | ||
| 082 |
_a624.2 _bBIN |
||
| 100 | _aS.P.Bindra | ||
| 245 | 0 | _aPrinciples and Practice of Bridge Engineering | |
| 250 | _a9 | ||
| 260 |
_aNew Delhi _bDhanpat Rai Pub. _c2012 |
||
| 300 | _a"VIII,489p;" | ||
| 500 | _aQuantity Number: 12 | ||
| 650 | _aCivil | ||
| 942 | _cBK | ||
| 999 |
_c55225 _d55225 |
||